Economic and Financial Knowledge - Based Processing

Gespeichert in:
Bibliographische Detailangaben
1. Verfasser: Pau, Louis F.
Weitere Verfasser: Gianotti, Claudio
Format: Buch
Sprache:Englisch
Veröffentlicht: Berlin Springer 1990
Ausgabe:1. ed.
Tags: Tag hinzufügen
Keine Tags, Fügen Sie das erste Tag hinzu!

MARC

LEADER 00000nam a2200000 4500
001 c024286
005 20221215113619.3
041 0 |a eng 
044 |a DE 
245 1 0 |a Economic and Financial Knowledge - Based Processing  |c Louis F. Pau, Claudio Gianotti 
250 |a 1. ed. 
264 1 |a Berlin  |b Springer  |c 1990 
300 |a 364 s. 
100 1 |a Pau, Louis F. 
700 1 |a Gianotti, Claudio